| 000 | 16796cam a22030617i 4500 | ||
|---|---|---|---|
| 001 | d0b2744wbp19zp7q | ||
| 003 | LIBRIS | ||
| 005 | 20251202144521.0 | ||
| 008 | 250617s2025 sw |||||||||||000 0|swe|d | ||
| 020 |
_a9789144178745 _qhäftad |
||
| 035 | _a(BOKR)9789144178745 | ||
| 040 |
_aBOKR _bswe _ei _erda _c |
||
| 041 | _aswe | ||
| 082 | 0 | 4 |
_a610.73 _223/swe |
| 084 |
_aVpg-c _2kssb/8 |
||
| 245 | 1 | 0 |
_aOmvårdnadens grunder _pAnsvar och utveckling / _credaktörer: Annica Backman, Katarina Göransson, Anna Ehrenberg, Lars Wallin. |
| 250 | _aFjärde upplagan | ||
| 264 | 1 |
_aLund : _bStudentlitteratur, _c[2025] |
|
| 264 | 3 | _c2025 | |
| 300 |
_a353 sidor _billustrationer _c26 cm |
||
| 336 |
_atext _btxt _2rdacontent |
||
| 337 |
_aunmediated _bn _2rdamedia |
||
| 338 |
_avolume _bnc _2rdacarrier |
||
| 520 | _aDetta är den fjärde omarbetade upplagan av trilogin Omvårdnadens grunder. En ny redaktion har tillsatts och samtliga kapitel har reviderats och uppdaterats. Över 100 aktiva forskare och undervisare har bidragit som kapitelförfattare. Ett av de viktigaste syftena med Omvårdnadens grunder är att visa på bredden och variationen i de kunskaper som en blivande sjuksköterska behöver ha. Den läsare som tar del av samtliga kapitel i alla tre böckerna får en unik överblick över omvårdnadsämnet och en solid grund att utgå från i det livslånga lärandet. Ytterligare ett syfte med verket är att tillvarata den omvårdnads- och vårdvetenskapliga forskning som finns i landet och synliggöra den i förhållande till utbildning och praktik. Omvårdnadens grunder är i dag det mest rekommenderade verket för sjuksköterskeprogrammet. Böckerna används vid, i stort sett, samtliga lärosäten som utbildar sjuksköterskor. Att bli sjuksköterska innebär mer än att lära sig tekniska färdigheter det handlar om att förstå människors behov, att kommunicera med empati och att agera med både kunskap och omdöme i varje möte. Verket ger en heltäckande introduktion till grundläggande omvårdnad och vägleder studenten genom såväl teoretiska modeller som praktiska färdigheter. Omvårdnadens grunder är skriven för sjuksköterskestudenter vid universitet och hög-skolor. Verket är skrivet som kurslitteratur för att följa studenten under utbildningens alla tre år. Böckerna läses utan inbördes ordning.[Bokinfo] | ||
| 541 | _5Li | ||
| 650 | 7 |
_aOmvårdnad _0https://id.kb.se/term/sao/Omv%C3%A5rdnad _2sao |
|
| 650 | 2 | _aNursing | |
| 650 | 2 | _aNursing Process | |
| 650 | 2 | _aNurse's Role | |
| 650 | 7 |
_aOmvårdnad _2swemesh |
|
| 650 | 7 |
_aSjuksköterskans roll _2swemesh |
|
| 650 | 0 | _aNursing | |
| 700 | 1 |
_aBackman, Annica, _d1972- _4edc _0https://libris.kb.se/ljx19bt44bscdqj#it |
|
| 700 | 1 |
_aGöransson, Katarina _4edc |
|
| 700 | 1 |
_aEhrenberg, Anna, _d1956- _4edc _0https://libris.kb.se/tr579spc0fp6rvg#it |
|
| 700 | 1 |
_aWallin, Lars, _d1955- _4edc _0https://libris.kb.se/wt79cj5f1zxhj4j#it |
|
| 887 |
_a{"@id":"d0b2744wbp19zp7q","modified":"2025-09-11T12:17:51.144+02:00"} _2librisxl |
||
| 887 |
_a{"@id":"zk9lvzg4wmlp7rsf","modified":"2025-09-26T12:17:39.547+02:00"} _2librisxl |
||
| 887 |
_a{"@id":"7trpxm215w28nk6k","modified":"2025-11-14T15:17:13.098+01:00"} _2librisxl |
||
| 887 |
_a{"@id":"sd4gt8fhqbs07xf4","modified":"2025-09-26T13:18:01.629+02:00"} _2librisxl |
||
| 887 |
_a{"@id":"h32xx23hfz71xw3k","modified":"2025-11-22T18:33:09.342+01:00"} _2librisxl |
||
| 887 |
_a{"@id":"9whkr34b72fj2sjs","modified":"2025-08-20T13:18:06.406+02:00"} _2librisxl |
||
| 887 |
_a{"@id":"3p3rrzf61j9bcqk2","modified":"2025-07-04T08:39:46.961+02:00"} _2librisxl |
||
| 887 |
_a{"@id":"tf26sdd3rj1sf437","modified":"2025-08-29T16:37:20.436+02:00"} _2librisxl |
||
| 887 |
_a{"@id":"czwtp5dl90qc594z","modified":"2025-11-14T12:53:44.993+01:00"} _2librisxl |
||
| 887 |
_a{"@id":"h3r83mv2fpsqgdfl","modified":"2025-09-10T16:17:54.295+02:00"} _2librisxl |
||
| 887 |
_a{"@id":"3p8f9rth13hd212q","modified":"2025-08-12T14:28:16.031+02:00"} _2librisxl |
||
| 887 |
_a{"@id":"j436x4z8gvznhdqs","modified":"2025-11-24T16:18:14.244+01:00"} _2librisxl |
||
| 887 |
_a{"@id":"n811dmxflf6tt2vz","modified":"2025-10-02T15:39:36.777+02:00"} _2librisxl |
||
| 887 |
_a{"@id":"9wc43z107mg4rjxm","modified":"2025-07-22T16:16:16.335+02:00"} _2librisxl |
||
| 887 |
_a{"@id":"3p8rcz0v1q2sq322","modified":"2025-11-25T12:34:55.476+01:00"} _2librisxl |
||
| 887 |
_a{"@id":"4qq7kp0c2zdsv4jt","modified":"2025-11-28T08:16:28.484+01:00"} _2librisxl |
||
| 887 |
_a{"@id":"qbzpmz18nj15fnqh","modified":"2025-08-26T13:50:43.477+02:00"} _2librisxl |
||
| 887 |
_a{"@id":"h3qt4fvgff3zt7cf","modified":"2025-08-29T14:13:41.762+02:00"} _2librisxl |
||
| 887 |
_a{"@id":"vg572jfgs04tz8ld","modified":"2025-09-15T15:13:11.733+02:00"} _2librisxl |
||
| 887 |
_a{"@id":"k5scn70hhg2dgwdb","modified":"2025-09-02T10:33:40.931+02:00"} _2librisxl |
||
| 887 |
_a{"@id":"3pdxcc741sn78t3q","modified":"2025-09-19T14:04:35.5+02:00"} _2librisxl |
||
| 887 |
_a{"@id":"6sd7wtvf4n7m4rgr","modified":"2025-08-18T15:35:17.084+02:00"} _2librisxl |
||
| 887 |
_a{"@id":"6sg2wmnm4vcwr1l7","modified":"2025-09-11T14:29:19.822+02:00"} _2librisxl |
||
| 887 |
_a{"@id":"whzmv28ztnl26t0r","modified":"2025-07-21T15:23:36.602+02:00"} _2librisxl |
||
| 887 |
_a{"@id":"f1jbtbr3c9h4rw5z","modified":"2025-07-31T13:37:14.48+02:00"} _2librisxl |
||
| 887 |
_a{"@id":"sd109sr7q8745p86","modified":"2025-08-28T11:19:12.144+02:00"} _2librisxl |
||
| 887 |
_a{"@id":"7t8h22f15m29q3bp","modified":"2025-07-09T11:16:46.991+02:00"} _2librisxl |
||
| 887 |
_a{"@id":"sd3hgt4tq1737b0s","modified":"2025-09-18T13:43:31.933+02:00"} _2librisxl |
||
| 887 |
_a{"@id":"m7n51zwwkszxvtrk","modified":"2025-08-14T15:31:01.525+02:00"} _2librisxl |
||
| 887 |
_a{"@id":"m71tllxwkdhjvkd7","modified":"2025-10-09T12:29:50.144+02:00"} _2librisxl |
||
| 887 |
_a{"@id":"5rp0d59w3hw3vrgf","modified":"2025-11-17T14:17:30.134+01:00"} _2librisxl |
||
| 887 |
_a{"@id":"p92tzzthm7qwnl17","modified":"2025-09-30T13:19:36.211+02:00"} _2librisxl |
||
| 887 |
_a{"@id":"7tfctdp858cg45r1","modified":"2025-08-19T11:03:23.504+02:00"} _2librisxl |
||
| 887 |
_a{"@id":"4q8mflb12sqlrw64","modified":"2025-08-05T14:20:51.829+02:00"} _2librisxl |
||
| 887 |
_a{"@id":"8vgr51pc6qzf9nf5","modified":"2025-09-03T10:26:20.765+02:00"} _2librisxl |
||
| 887 |
_a{"@id":"g2t962vpd898k78f","modified":"2025-10-06T14:18:12.894+02:00"} _2librisxl |
||
| 887 |
_a{"@id":"d0kx2z19b4nqblt6","modified":"2025-08-14T10:05:52.792+02:00"} _2librisxl |
||
| 887 |
_a{"@id":"0l6vbcs7x8m29zcb","modified":"2025-08-25T13:48:14.71+02:00"} _2librisxl |
||
| 887 |
_a{"@id":"8vd3j7qd6k5njgr1","modified":"2025-08-22T13:55:18.707+02:00"} _2librisxl |
||
| 887 |
_a{"@id":"tf4krpc3rwvv51gr","modified":"2025-09-18T15:42:52.536+02:00"} _2librisxl |
||
| 887 |
_a{"@id":"tf1zb8h7r2qzvqp8","modified":"2025-08-19T10:26:35.252+02:00"} _2librisxl |
||
| 887 |
_a{"@id":"tf1zb841rgjrdv5c","modified":"2025-08-19T10:26:25.17+02:00"} _2librisxl |
||
| 887 |
_a{"@id":"zk252005wn9bgns7","modified":"2025-08-15T11:24:05.522+02:00"} _2librisxl |
||
| 887 |
_a{"@id":"5r8c6wxd3mdhm810","modified":"2025-08-26T15:03:01.519+02:00"} _2librisxl |
||
| 887 |
_a{"@id":"xj6ftwt1v0n6gs6m","modified":"2025-09-08T12:17:23.285+02:00"} _2librisxl |
||
| 887 |
_a{"@id":"zk74bd4cww1zqlt2","modified":"2025-09-05T14:14:18.197+02:00"} _2librisxl |
||
| 887 |
_a{"@id":"n8rlf8c7ljrrf5ww","modified":"2025-07-23T12:16:51.294+02:00"} _2librisxl |
||
| 887 |
_a{"@id":"4qp2gdm927r8jw52","modified":"2025-11-18T11:16:45.524+01:00"} _2librisxl |
||
| 887 |
_a{"@id":"5rgv25ph3pjjtpk9","modified":"2025-11-11T22:02:10.884+01:00"} _2librisxl |
||
| 887 |
_a{"@id":"7tdfd2vn5w4f5sc1","modified":"2025-08-11T12:13:34.515+02:00"} _2librisxl |
||
| 887 |
_a{"@id":"vg127bd4svgx3lh7","modified":"2025-08-22T08:43:02.678+02:00"} _2librisxl |
||
| 887 |
_a{"@id":"qb1697mvn7gmjhw4","modified":"2025-09-16T13:54:35.31+02:00"} _2librisxl |
||
| 887 |
_a{"@id":"m7s24mcwk0rcvjqh","modified":"2025-08-13T12:35:45.927+02:00"} _2librisxl |
||
| 887 |
_a{"@id":"8vdxpr9n6p70hw3z","modified":"2025-08-07T01:00:14.954+02:00"} _2librisxl |
||
| 887 |
_a{"@id":"9wglwbqg73vm2csn","modified":"2025-08-12T10:16:34.724+02:00"} _2librisxl |
||
| 887 |
_a{"@id":"f1l0v3xccslr07zj","modified":"2025-08-14T15:17:39.318+02:00"} _2librisxl |
||
| 887 |
_a{"@id":"d0ngd06zb4kbt8wd","modified":"2025-09-04T14:36:23.991+02:00"} _2librisxl |
||
| 887 |
_a{"@id":"n8vp6ljdlfxz7gwn","modified":"2025-08-18T14:18:25.951+02:00"} _2librisxl |
||
| 887 |
_a{"@id":"k5q4ltl6hsg2l6jn","modified":"2025-08-14T12:30:03.358+02:00"} _2librisxl |
||
| 887 |
_a{"@id":"bxkfpprc8768v1kc","modified":"2025-08-27T13:16:34.614+02:00"} _2librisxl |
||
| 887 |
_a{"@id":"sd0bt7fqq06rf069","modified":"2025-09-11T12:18:03.595+02:00"} _2librisxl |
||
| 887 |
_a{"@id":"k5117x4gh2pxk5qq","modified":"2025-10-28T18:03:08.996+01:00"} _2librisxl |
||
| 887 |
_a{"@id":"h3pjzn7cfjwrxsj1","modified":"2025-08-18T13:54:31.574+02:00"} _2librisxl |
||
| 887 |
_a{"@id":"3p97cc771100m65h","modified":"2025-08-19T08:49:35.591+02:00"} _2librisxl |
||
| 887 |
_a{"@id":"p904lmtgmfljjvnm","modified":"2025-09-16T10:39:16.402+02:00"} _2librisxl |
||
| 887 |
_a{"@id":"1m7281v0zjwc6g3p","modified":"2025-08-18T12:17:48.367+02:00"} _2librisxl |
||
| 887 |
_a{"@id":"p97s4kn6mv276g0l","modified":"2025-11-11T11:20:07.444+01:00"} _2librisxl |
||
| 887 |
_a{"@id":"5rbcmvx23jjx4bjh","modified":"2025-08-11T13:16:44.379+02:00"} _2librisxl |
||
| 942 |
_2z _cBOOK |
||
| 999 |
_c59797 _d59797 |
||